Normal view
MARC view
Entry Personal Name
001 - CONTROL NUMBER
- control field: 260466
003 - CONTROL NUMBER IDENTIFIER
- control field: OSt
005 - DATE AND TIME OF LATEST TRANSACTION
- control field: 20220925184137.0
008 - FIXED-LENGTH DATA ELEMENTS
- fixed length control field: 220925|| aca||aabn | a|a d
040 ## - CATALOGING SOURCE
- Original cataloging agency: OSt
- Transcribing agency: OSt
100 ## - HEADING--PERSONAL NAME
- Personal name: Govt of India. Marketing and Inspection (Directorate of-) Nagpur
670 ## - SOURCE DATA FOUND
- Source citation: Work cat.: (OSt)506911: Govt of India. Marketing and Inspection (Directorate of-) Nagpur 260465, Directory of whole sale agricultural produce assembling markets, 1965
